[Event "All China Games 3rd"]
[Site "Suzhou"]
[Date "2006.05.25"]
[Round "10"]
[White "Ju, Wenjun"]
[Black "Wang, Wenhao"]
[Result "1/2-1/2"]
[WhiteElo "2330"]
[BlackElo "2387"]
[PlyCount "117"]
[EventDate "2006.05.20"]
[EventType "swiss"]
[EventRounds "11"]
[EventCountry "CHN"]
[SourceTitle "CBM 112 Extra"]
[Source "ChessBase"]
[SourceDate "2006.07.14"]
[SourceVersion "1"]
[SourceVersionDate "2006.07.14"]
[SourceQuality "1"]

1. d4 Nf6 2. Nf3 d6 3. c4 Nbd7 4. Nc3 e5 5. g3 Be7 6. Bg2 0-0 7. 0-0 c6 8. Qc2 Re8 9. Rd1 Qc7 10. b3 Nf8 11. Bb2 Bg4 12. dxe5 dxe5 13. h3 Bxf3 14. Bxf3 Ne6 15. e3 g6 16. Bg2 h5 17. Ne4 Nxe4 18. Qxe4 Bf6 19. h4 Bg7 20. Qc2 f5 21. c5 Rad8 22. b4 e4 23. Bf1 Kh7 24. Bc4 Nf8 25. Kg2 Qe7 26. Rab1 Rd7 27. Rxd7 Nxd7 28. Rd1 Bxb2 29. Qxb2 Ne5 30. Qd4 Qg7 31. Be2 Re7 32. Qc3 Qf7 33. Rd2 Kg7 34. a3 Kh7 35. Rd1 Qg7 36. Qb3 a6 37. Qc3 Rd7 38. Rxd7 Nxd7 39. Qd2 Qe7 40. Qd4 Ne5 41. Bc4 Nxc4 42. Qxc4 Kg7 43. Qd4+ Kf7 44. Qh8 Qf8 45. Qe5 Qe7 46. Qb8 Kg7 47. Qc8 Kf7 48. Kf1 Kg7 49. Ke1 Kf7 50. Kd2 Kg7 51. Kc3 Qf7 52. Kb2 Kh7 53. Qd8 Qc4 54. Qe7+ Kh6 55. Qg5+ Kh7 56. Qe7+ Kh6 57. Qf8+ Kh7 58. Qe7+ Kh6 59. Qf8+ 1/2-1/2

[Event "All China Games 3rd"]
[Site "Suzhou"]
[Date "2006.05.25"]
[Round "9"]
[White "Wang, Wenhao"]
[Black "Cheng, Xinkai"]
[Result "1-0"]
[WhiteElo "2387"]
[BlackElo "2352"]
[PlyCount "97"]
[EventDate "2006.05.20"]
[EventType "swiss"]
[EventRounds "11"]
[EventCountry "CHN"]
[SourceTitle "CBM 112 Extra"]
[Source "ChessBase"]
[SourceDate "2006.07.14"]
[SourceVersion "1"]
[SourceVersionDate "2006.07.14"]
[SourceQuality "1"]

1. e4 c5 2. Nf3 d6 3. d4 cxd4 4. Nxd4 Nf6 5. Nc3 Nc6 6. Bc4 e6 7. Bb3 a6 8. 0-0 Qc7 9. f4 Nxd4 10. Qxd4 d5 11. Kh1 Bc5 12. Qd3 dxe4 13. Nxe4 Nxe4 14. Qxe4 0-0 15. Be3 Bxe3 16. Qxe3 Bd7 17. Rad1 Bc6 18. Rf2 Rad8 19. Rfd2 g6 20. Kg1 Qa5 21. c3 Rxd2 22. Qxd2 Qc5+ 23. Qf2 Qe7 24. Qd4 Qh4 25. Bc4 Qg4 26. Bf1 h5 27. h3 Qh4 28. a4 Rc8 29. a5 Qe7 30. b4 Ba4 31. Rd2 Bc6 32. Qa7 Qf6 33. Qd4 Qe7 34. Qe5 Qf8 35. Qf6 Qg7 36. Rd8+ Rxd8 37. Qxd8+ Kh7 38. c4 Qc3 39. Qb6 Qe1 40. b5 axb5 41. a6 bxa6 42. Qxc6 b4 43. Qc7 b3 44. Qxf7+ Kh6 45. Qf8+ Kh7 46. Qe7+ Kg8 47. Qd8+ Kh7 48. Qc7+ Kh6 49. Qe5 1-0

[Event "All China Games 3rd"]
[Site "Suzhou"]
[Date "2006.05.20"]
[Round "1"]
[White "Li, Shilong"]
[Black "Wang, Wenhao"]
[Result "1-0"]
[WhiteElo "2539"]
[BlackElo "2387"]
[PlyCount "131"]
[EventDate "2006.05.20"]
[EventType "swiss"]
[EventRounds "11"]
[EventCountry "CHN"]
[SourceTitle "CBM 112 Extra"]
[Source "ChessBase"]
[SourceDate "2006.07.14"]
[SourceVersion "1"]
[SourceVersionDate "2006.07.14"]
[SourceQuality "1"]

1. d4 Nf6 2. c4 e6 3. Nc3 d5 4. Bg5 Be7 5. e3 0-0 6. Nf3 h6 7. Bxf6 Bxf6 8. Rc1 Nc6 9. a3 a6 10. b4 Re8 11. Be2 dxc4 12. Bxc4 e5 13. d5 e4 14. dxc6 Qxd1+ 15. Kxd1 exf3 16. gxf3 bxc6 17. Ne4 Be7 18. Nc5 a5 19. Nd3 Bd6 20. Ke2 Bf5 21. e4 Bg6 22. h4 h5 23. Rhg1 Kh7 24. Ke3 axb4 25. axb4 f5 26. e5 Bxe5 27. Nxe5 Rxe5+ 28. Kf4 Re7 29. Bd3 Ra4 30. Rxc6 Rxb4+ 31. Kg5 Rb6 32. Rgc1 Rxc6 33. Rxc6 Be8 34. Bxf5+ Kg8 35. Rc5 c6 36. Be4 Re6 37. Ra5 Kf8 38. Ra7 Re5+ 39. Kf4 Re6 40. Rc7 Bg6 41. Bxc6 Rf6+ 42. Kg5 Kg8 43. f4 Kh7 44. Bd7 Be4 45. f5 Rf7 46. Kf4 Bc6 47. Rxc6 Rxd7 48. f6 Kg6 49. fxg7+ Kxg7 50. Ke5 Rd3 51. f4 Rh3 52. Rc7+ Kg8 53. Kf6 Rxh4 54. f5 Rg4 55. Rc8+ Kh7 56. Ke6 Ra4 57. Rc7+ Kh6 58. f6 Re4+ 59. Kf5 Re1 60. Rc8 Rf1+ 61. Ke6 Re1+ 62. Kf7 h4 63. Rc5 h3 64. Rc3 Ra1 65. Rxh3+ Kg5 66. Kg7 1-0

[Event "Torch Cup"]
[Site "Xiapu"]
[Date "2005.06.21"]
[Round "14"]
[White "Li, Bo"]
[Black "Wang, Wenhao"]
[Result "1-0"]
[WhiteElo "2319"]
[BlackElo "2387"]
[PlyCount "65"]
[EventDate "2005.06.21"]
[EventType "team-tourn"]
[EventRounds "19"]
[EventCountry "CHN"]
[SourceTitle "CBM 106 Extra"]
[Source "ChessBase"]
[SourceDate "2005.07.01"]
[SourceVersion "1"]
[SourceVersionDate "2005.07.01"]
[SourceQuality "1"]

1. d4 Nf6 2. Nf3 g6 3. Bg5 Bg7 4. Nbd2 0-0 5. e4 d6 6. Bd3 c5 7. c3 Nc6 8. d5 Ne5 9. Nxe5 dxe5 10. 0-0 Ne8 11. Be3 Qc7 12. b4 cxb4 13. cxb4 Nd6 14. Rc1 Qd8 15. f3 Bd7 16. Nc4 Qb8 17. Qe2 Nb5 18. Nb6 axb6 19. Bxb5 Bxb5 20. Qxb5 Rxa2 21. Bxb6 Rc8 22. Qd7 Rcc2 23. Rxc2 Rxc2 24. Bc5 Bf8 25. Ra1 b6 26. Qb5 Rb2 27. Ra6 Rb1+ 28. Kf2 Rb2+ 29. Kg3 Qc8 30. Rxb6 f5 31. h3 Qa8 32. Rb8 Qa2 33. Qe8 1-0

[Event "CHN-chT"]
[Site "Suzhou"]
[Date "2001.04.02"]
[Round "7"]
[White "Wang, Wenhao"]
[Black "Ji, Dan"]
[Result "1-0"]
[WhiteElo "2404"]
[BlackElo "2297"]
[PlyCount "71"]
[EventDate "2001.03.02"]
[EventType "team-tourn"]
[EventRounds "10"]
[EventCountry "CHN"]
[SourceTitle "EXT 2002"]
[Source "ChessBase"]
[SourceDate "2001.11.25"]
[SourceVersion "1"]
[SourceVersionDate "2001.11.25"]
[SourceQuality "1"]

1. e4 c5 2. Nf3 d6 3. d4 cxd4 4. Nxd4 Nf6 5. Nc3 a6 6. Bd3 Nbd7 7. 0-0 b5 8. a4 b4 9. Nd5 Bb7 10. Nxb4 Qb6 11. c3 Nxe4 12. a5 Qc7 13. Re1 Nef6 14. Bg5 h6 15. Bh4 g5 16. Bg3 e5 17. Nf5 Rg8 18. f3 g4 19. Be4 gxf3 20. Bxf3 Rb8 21. Kh1 Nc5 22. Bxb7 Rxb7 23. Qf3 e4 24. Rad1 Ne6 25. Qf1 Qxa5 26. Nxd6+ Bxd6 27. Rxd6 Nh5 28. Rxe4 Nxg3+ 29. hxg3 Qh5+ 30. Rh4 Qe5 31. Rxa6 Qxg3 32. Rxh6 Qg5 33. Rh7 Qg6 34. Rh3 Rd7 35. Nc6 Qe4 36. Ra8+ 1-0

[Event "Lee Cup 2nd"]
[Site "Beijing"]
[Date "1995.??.??"]
[Round "3"]
[White "Wang, Wenhao"]
[Black "Ye, Jiangchuan"]
[Result "1/2-1/2"]
[WhiteElo "2350"]
[BlackElo "2550"]
[PlyCount "91"]
[EventDate "1995.08.??"]
[EventType "swiss"]
[EventRounds "11"]
[EventCountry "CHN"]
[SourceTitle "EXT 1997"]
[Source "ChessBase"]
[SourceDate "1996.11.15"]
[SourceVersion "1"]
[SourceVersionDate "1996.11.15"]
[SourceQuality "1"]

1. e4 c5 2. Nf3 d6 3. c3 Nf6 4. Bb5+ Bd7 5. Bxd7+ Qxd7 6. d3 e6 7. 0-0 Nc6 8. Re1 Be7 9. Nbd2 0-0 10. Nf1 Rac8 11. b3 Rfd8 12. c4 a6 13. Bb2 b5 14. Qd2 Qb7 15. Ng3 a5 16. e5 dxe5 17. Nxe5 a4 18. Nxc6 Rxc6 19. Rad1 axb3 20. axb3 bxc4 21. bxc4 Rcd6 22. Bxf6 Bxf6 23. Ne4 Rxd3 24. Nxf6+ gxf6 25. Qxd3 Rxd3 26. Rxd3 Qb4 27. Rc1 f5 28. f4 Kg7 29. h3 h5 30. h4 Kf6 31. Rcc3 Qb2 32. Rf3 Qe2 33. Kh2 Qe4 34. Rf2 Ke7 35. g3 Kf6 36. Rcc2 Kg6 37. Rfe2 Qd3 38. Red2 Qb3 39. Kg2 Kf6 40. Kh2 Ke7 41. Kg2 Kf6 42. Kh2 Kg6 43. Kg2 Kg7 44. Kh2 Kf8 45. Kg2 Ke7 46. Kh2 1/2-1/2

[Event "Lee Cup 2nd"]
[Site "Beijing"]
[Date "1995.??.??"]
[Round "5"]
[White "Zhang, Zhong"]
[Black "Wang, Wenhao"]
[Result "1/2-1/2"]
[WhiteElo "2430"]
[BlackElo "2350"]
[PlyCount "129"]
[EventDate "1995.08.??"]
[EventType "swiss"]
[EventRounds "11"]
[EventCountry "CHN"]
[SourceTitle "EXT 1997"]
[Source "ChessBase"]
[SourceDate "1996.11.15"]
[SourceVersion "1"]
[SourceVersionDate "1996.11.15"]
[SourceQuality "1"]

1. d4 Nf6 2. Nf3 e6 3. g3 c5 4. Bg2 Nc6 5. c4 cxd4 6. Nxd4 a6 7. 0-0 Bc5 8. Nb3 Be7 9. Nc3 d6 10. Bf4 0-0 11. Rc1 Ne5 12. Bxe5 dxe5 13. c5 Qc7 14. Na4 Rd8 15. Qe1 Bd7 16. Nb6 Rab8 17. Nxd7 Rxd7 18. c6 bxc6 19. Rxc6 Qd8 20. Rxa6 Nd5 21. Bxd5 exd5 22. Qa5 f5 23. Qxd8+ Rdxd8 24. Rb1 d4 25. Na5 Ra8 26. Rxa8 Rxa8 27. Nc4 e4 28. a3 Kf7 29. Kf1 Ke6 30. Ke1 Ra6 31. Rd1 Kd5 32. Ne3+ Ke5 33. Nc2 Bc5 34. b4 Ba7 35. b5 Ra4 36. Rb1 Bb6 37. Kd2 Kd5 38. Rb3 Kc4 39. Rb1 g5 40. f3 e3+ 41. Kd1 Ra5 42. Rc1 Kxb5 43. Rb1+ Kc6 44. Nb4+ Kd6 45. Rb3 Bc5 46. Kc2 Bxb4 47. Rxb4 Kc5 48. Rb3 Ra4 49. g4 fxg4 50. fxg4 Kc4 51. Kb2 Ra6 52. Kc2 Rc6 53. a4 Rc5 54. Kb2 Kd5 55. Ra3 Ra5 56. Kb3 Ke4 57. Kb4 Rd5 58. Rd3 Rd8 59. a5 Kd5 60. a6 Rb8+ 61. Ka5 Rb2 62. a7 Ra2+ 63. Kb6 Rb2+ 64. Kc7 Rc2+ 65. Kb6 1/2-1/2